All Video Game Consoles - Statistics

General Stats
  • This quiz has been taken 53 times
  • The average score is 30 of 144
Answer Stats
Date Released Manufacturer Answer % Correct
2020 Microsoft Xbox Series X|S
93%
1994 Sony PlayStation
90%
2006 Sony PlayStation 3
88%
2013 Sony PlayStation 4
88%
2000 Sony PlayStation 2
85%
2020 Sony PlayStation 5
85%
2001 Microsoft Xbox
83%
2005 Microsoft Xbox 360
83%
2006 Nintendo Wii
80%
2013 Microsoft Xbox One
78%
2017 Nintendo Switch
76%
1977 Atari Atari 2600
73%
1985 Sega Sega Master System
73%
2012 Nintendo Wii U
73%
2011 Nintendo 3DS
71%
1989 Nintendo Gameboy
71%
2004 Nintendo DS
68%
2001 Nintendo GameCube
66%
2001 Nintendo Game Boy Advance
63%
1983 Nintendo Nintendo Entertainment System/Famicom
61%
1996 Nintendo Nintendo 64
59%
1998 Sega Sega Dreamcast
49%
1994 Sega Sega Saturn
49%
2022 Valve Steam Deck
49%
2011 Sony PlayStation Vita
46%
1988 Sega Sega Genesis
41%
2004 Sony PlayStation Portable
37%
1980-1991 Nintendo Game&Watch
34%
1982 Commodore Commodore 64
32%
1993 Atari Jaguar
32%
1972 Magnavox Odyssey
32%
1995 Nintendo Virtual Boy
32%
1990 Sega Game Gear
29%
1991 Sega Sega CD
29%
1990 Nintendo Super Nintendo Entertainment System
29%
1982 Coleco ColecoVision
27%
1980 Mattel Intellivision
27%
1986 Atari Atari 7800
24%
1991 Philips CD-i
24%
1993 Panasonic 3DO
22%
1982 Atari Atari 5200
22%
1994 Sega Sega 32X
22%
1987 NEC TurboGrafx-16
22%
1989 Atari Lynx
20%
1998 Neo Geo Neo Geo Pocket
20%
2003 Nokia N-Gage
20%
1978 Magnavox Odyssey 2
20%
1976 Fairchild Channel F
17%
1997 Tiger Game.com
17%
1993 Commodore Amiga CD32
15%
2006 Mattel HyperScan
15%
1995 Casio Loopy
15%
1994 SNK Neo Geo CD
15%
1999 Neo Geo Neo Geo Pocket Color
15%
1999 Nintendo Nintendo 64DD
15%
1983 Sega SG-1000
15%
2004 VTech V.Smile
15%
1999 Bandai WonderSwan
15%
1995 Sega Nomad
12%
2001 Nintendo Pokemon Mini
12%
1989 NEC SuperGrafx
12%
1986 Atari XEGS
12%
1995 Atari Jaguar CD
10%
1990 SNK Neo Geo AES
10%
2012 Tommo Neo Geo X
10%
1994 NEC PC-FX
10%
1993 Sega Pico
10%
1995 Tiger R-Zone
10%
1977 RCA Studio II
10%
1992 Watara Supervision
10%
1982 Milton Bradley Vectrex
10%
1982 Emerson Arcadia 2001
7%
1978 Midway Bally Astrocade
7%
1981 Vtech CreatiVision
7%
1986 Nintendo Famicom Disk System
7%
2005 Telematics Gizmondo
7%
2001 Game Park GP32
7%
1993 Pioneer LaserActive
7%
1993 Welback Holdings Mega Duck
7%
1979 Milton Bradley Microvision
7%
1994 Bandai Playdia
7%
1990 NEC TurboExpress
7%
1988 NEC TurboGrafx-CD
7%
2006 VTech V.Flash
7%
2009 Zeebo Inc. Zeebo
7%
2003 Tapwave Zodiac
7%
2009 Dingo A320
5%
1987 Worlds of Wonder Action Max
5%
2005 Sega Advanced Pico Beena
5%
1990 | 1991 Commodore Commodore 64 Games System
5%
2000 Cybiko Cybiko
5%
2020 Blaze Evercade
5%
1990 Bit Gamate
5%
2005 ZAPiT Game Wave Family Entertainment System
5%
2013 Game Consoles Worldwide GCW Zero
5%
2005 GamePark Holdings GP2X
5%
2009 GamePark Holdings GP2X Wiz
5%
2016 GamePad Digital GPD Win
5%
2015 GamePad Digital GPD XD
5%
1990 Amstrad GX4000
5%
2000 VM Labs Nuon
5%
2010 OpenPandora Pandora
5%
2022 Panic Playdate
5%
1995 Nintendo Satellaview
5%
2012 Nvidia Shield Portable
5%
1988 Vtech Socrates
5%
1995 Funtech Super A'Can
5%
1985 LJN Video Art
5%
1978 Audiosonic 1292 Advanced Programmable Video System
2%
1982 Entex Adventure Vision
2%
1995 Bandai Apple Bandai Pippin
2%
1982 SHG Black Point
2%
1985 BBC Bridge Companion
2%
2010 GamePark Holdings CAANOO
2%
1981 Epoch Cassette Vision
2%
1978 Unisonic Champion 2711
2%
1983 Gakken Compact Vision TV Boy
2%
1994 Capcom CPS Changer
2%
2002 3-Plus DVD Kids
2%
2021 Blaze Evercade VS
2%
1993 Fujitsu FM Towns Marty
2%
1990 Hartung Game Master
2%
1979 APF Imagination Machine
2%
1978 APF MP1000
2%
1983 Nichibutsu My Vision
2%
1992 Konami Picno
2%
2021 Playmaji Polymega
2%
1984 Palmtex Portable Videogame System
2%
1983 Tomy Pyuuta Jr.
2%
1981 Entex Select-A-Game
2%
1979 Bandai Super Vision 8000
2%
1978 Palladium Tele-Cassetten Game
2%
1988 Bandai Terebikko
2%
1978 Interton VC 4000
2%
1987 Bandai Video Challenger
2%
1988 Sega Video Driver
2%
1983 Phillips Videopac+ G7400
2%
1986 Connor Videosmarts
2%
1988 View-Master View-Master Interactive Vision
2%
1992 Memorex VIS
2%
2006 VTech V.Smile Baby Infant Development System
2%
2004 SSD Xavix PORT
2%
1985 Daewoo Zemmix
2%
No matching quizzes found
Score Distribution
Percent of People with Each Score
Percentile by Number Answered
Your Score History
You have not taken this quiz